000 00474nam a2200181Ia 4500
001 4392
005 20260306145752.0
008 260306t2006||||xx |||||||||||||| ||spa||
041 _aESP
082 _a321
_bB66
100 _aBobbio, Norberto
_eAUT
245 0 _aLa teoría de las formas de gobierno en la historia del pensamiento político:
_baño académico 1975-1976
260 _c2006
300 _a
_c
650 _aGEN
654 _aCDE
942 _cLIB
_dJUS
_fJUS
_2ddc
_n
999 _c4392
_d4392